|
|
|
|
| LEADER |
00000nab a2200000 4500 |
| 001 |
vtls011966483 |
| 003 |
SK-MaSNL |
| 005 |
20260305015053.0 |
| 008 |
200514|2019 xo ||||||||||||00 ||slo| |
| 015 |
|
|
|a SNBRB2019/01
|
| 038 |
|
|
|a PPPK
|
| 040 |
|
|
|a PPPKCL
|b slo
|e rda
|
| 041 |
0 |
|
|a slo
|
| 043 |
|
|
|a e-xo---
|a e-be---
|
| 044 |
|
|
|a xo
|c SK
|
| 072 |
|
7 |
|a 904
|x Kultúrne pamiatky historického obdobia všeobecne
|2 konspekt
|
| 080 |
|
|
|a 930.85
|2 2011
|
| 080 |
|
|
|a 904
|2 2011
|
| 080 |
|
|
|a 069.9
|2 2011
|
| 100 |
1 |
|
|a Čajová, Vladimíra
|4 aut
|9 1089960
|
| 245 |
1 |
0 |
|a Levoča na výstave v Európskom parlamente v Bruseli
|c Vladimíra Čajová
|
| 300 |
|
|
|b Fotografie
|
| 336 |
|
|
|a text
|b txt
|2 rdacontent
|
| 337 |
|
|
|a bez média
|b n
|2 rdamedia
|
| 338 |
|
|
|a zväzok
|b nc
|2 rdacarrier
|
| 600 |
1 |
7 |
|a Vilkovský, Miroslav,
|d 1968-
|2 SNK
|9 1094145
|
| 600 |
1 |
7 |
|a Smolková, Monika,
|d 1956-
|2 SNK
|9 125179
|
| 610 |
1 |
7 |
|a Levoča (Slovensko).
|b Mestský úrad
|2 SNKKA
|9 159991
|
| 610 |
2 |
7 |
|a Európsky parlament
|2 SNKKA
|9 29808
|
| 610 |
2 |
7 |
|a UNESCO
|2 SNKKA
|9 29699
|
| 650 |
0 |
7 |
|a kultúrne dedičstvo
|2 SNKPH
|9 4195
|
| 650 |
0 |
7 |
|a historické pamiatky
|2 SNKPH
|9 75346
|
| 650 |
0 |
7 |
|a výstavy
|2 SNKPH
|9 2780
|
| 651 |
|
7 |
|a Levoča (Slovensko)
|2 SNKPHgeo
|9 26696
|
| 651 |
|
7 |
|a Bree (Belgicko)
|2 SNKPHgeo
|9 25816
|
| 655 |
|
7 |
|a správy
|2 SNKPH
|9 70563
|
| 773 |
0 |
|
|t Limka : informačný magazín mesta Levoča
|g Roč. IV., č. 3 (2019), s. 22
|x 2453-7055
|
| 852 |
|
|
|a PPPK
|b KIS3GCP
|
| 958 |
|
|
|a RG
|
| 999 |
|
|
|c 3272913
|d 3274843
|